000 06972 a2200757 4500
003 Nust
005 20170207165829.0
020 _a9780470530894
020 _a9780470530894
035 _a(AU-PeEL)EBL469497
035 _a(EBZ)ebs794696e
035 _a(EBZ)ebs794696e
035 _a(EBZ)ebs794696e
035 _a(EBZ)ebs794696e
035 _a(EBZ)ebs794696e
035 _a(EBZ)ebs794696e
035 _a(EBZ)ebs794696e
035 _a(OCoLC)489139713
035 _a(WaSeSS)ssj0000303852
035 _a(WaSeSS)ssj0000303852
035 _a(WaSeSS)ssj0000303852
035 _a(WaSeSS)ssj0000303852
035 _a(WaSeSS)ssj0000303852
035 _a(WaSeSS)ssj0000303852
035 _a(WaSeSS)ssj0000303852
035 _a(WaSeSS)ssj0000303852
035 _a(WaSeSS)ssj0000303852
040 _cNust
082 0 0 _a332
_a332
100 1 _aHaslem, John A.
245 1 0 _aMutual Funds E-Book
_h[Elektronisk resurs] :
_bPortfolio Structures, Analysis, Management, and Stewardship.
260 _aHoboken :
_bJohn Wiley & Sons, Inc.,
_c2009.
300 _a1 online resource (381 p.)
500 _aDescription based upon print version of record.
505 0 _aChapter 7: Efficient Markets and Mutual Fund Investing: The Advantages of Index FundsChapter 8: Asset Allocation: Design and Care of Portfolios; Chapter 9: The Morningstar Approach to Mutual Fund Analysis-Part I; Chapter 10: The Morningstar Approach to Mutual Fund Analysis-Part II; Chapter 11: Building a Portfolio of Mutual Funds: A Morningstar Approach; Chapter 12: Performance of Actively Managed versus Index Funds: The Vanguard Case; Chapter 13: Classic and Enhanced Index Funds: Performance and Issues; Chapter 14: Mutual Funds versus Exchange-Traded Funds
505 0 _aMutual Funds: Portfolio Structures, Analysis, Management, and Stewardship; Contents; Introduction; Part I: Mutual Funds: Nature, Regulation, and Costs; Chapter 1: The Nature of Mutual Funds; Chapter 2: Mutual Fund Regulation and Issues; Chapter 3: The Economics of Mutual Funds; Chapter 4: Mutual Fund Fees and Expenses; Part II: The Realities and Analogies of Investing; Chapter 5: How Financial Markets Work; Chapter 6: Active versus Passive Investing; Part III: Fund Types and Comparative Performance, Efficient Markets, Asset Allocation, and Morningstar Analysis
505 0 _aPart IV: Mutual Funds at the CrossroadsChapter 15: The Challenge to Mutual Fund Stewardship; Chapter 16: Identifying Mutual Fund Stewardship; Chapter 17: Normative Transparency of Mutual Fund Disclosure; Chapter 18: A Design for the Mutual Funds of the Future; Index;
520 _a An authoritative, must-read guide to making more informed decisions about mutual funds Providing a balance of theory and application, this authoritative book will enable you to evaluate the various performance and risk attributes of mutual funds. It covers a broad range of topics, including understanding the advantages and disadvantages of mutual funds, evaluating stock/bond allocations within fund portfolios, assessing fund diversification risk, measuring fund returns and risk, and making fund buy/sell decisions. While informative chapters combine clear summaries of existing research with p
650 4 _aInvestments.
650 4 _aMutual funds.
655 0 _aElectronic books.
856 4 2 _3Wiley InterScience
_uhttp://dx.doi.org/10.1002/9781118266397
856 4 2 _uhttp://costello.pub.hb.se/login?url=http://site.ebrary.com/lib/boras/Top?id=10351934
856 4 2 _uhttp://db.ub.oru.se/login?url=http://site.ebrary.com/lib/universitetsbiblioteket/Top?id=10351934
856 4 2 _uhttp://ep.bib.mdh.se/login?url=http://search.ebscohost.com/login.aspx?direct=true&scope=site&db=e000xww&AN=294492
856 4 2 _uhttp://ezproxy.bib.hh.se/login?url=http://site.ebrary.com/lib/halmstad/Top?id=10351934
856 4 2 _uhttp://ezproxy.its.uu.se/login?url=http://site.ebrary.com/lib/uppsala/Top?id=10351934
856 4 2 _uhttp://link.sub.su.se/sfxsub?url_ver=Z39.88-2004&ctx_ver=Z39.88-2004&ctx_enc=info:ofi/enc:UTF-8&rfr_id=info:sid/sfxit.com:opac_856&url_ctx_fmt=info:ofi/fmt:kev:mtx:ctx&sfx.ignore_date_threshold=1&rft.object_id=1000000000807789&svc_val_fmt=info:ofi/fmt:kev:mtx:sch_svc&
856 4 2 _uhttp://miman.bib.bth.se/login?url=http://site.ebrary.com/lib/bthbib/Top?id=10351934
856 4 2 _uhttp://proxy.lib.chalmers.se/login?url=http://library.books24x7.com/library.asp?^B&bookid=33680
856 4 2 _uhttp://proxy.lib.chalmers.se/login?url=http://site.ebrary.com/lib/chalmers/Top?id=10351934
856 4 2 _uhttp://proxy.lib.ltu.se/login?url=http://site.ebrary.com/lib/lulea/Top?channelName=lulea&cpage=1&docID=10351934
856 4 2 _uhttp://sfxeu10.hosted.exlibrisgroup.com/sfxkth?url_ver=Z39.88-2004&ctx_ver=Z39.88-2004&ctx_enc=info:ofi/enc:UTF-8&rfr_id=info:sid/sfxit.com:opac_856&url_ctx_fmt=info:ofi/fmt:kev:mtx:ctx&sfx.ignore_date_threshold=1&rft.object_id=1000000000807789&svc_val_fmt=info:ofi/fmt:kev:mtx:sch_svc&
856 4 2 _uhttp://sfxeu11.hosted.exlibrisgroup.com/mah?url_ver=Z39.88-2004&ctx_ver=Z39.88-2004&ctx_enc=info:ofi/enc:UTF-8&rfr_id=info:sid/sfxit.com:opac_856&url_ctx_fmt=info:ofi/fmt:kev:mtx:ctx&sfx.ignore_date_threshold=1&rft.object_id=1000000000807789&svc_val_fmt=info:ofi/fmt:kev:mtx:sch_svc&
856 4 2 _uhttp://sfxeu11.hosted.exlibrisgroup.com/sfxslub?url_ver=Z39.88-2004&ctx_ver=Z39.88-2004&ctx_enc=info:ofi/enc:UTF-8&rfr_id=info:sid/sfxit.com:opac_856&url_ctx_fmt=info:ofi/fmt:kev:mtx:ctx&sfx.ignore_date_threshold=1&rft.object_id=1000000000807789&svc_val_fmt=info:ofi/fmt:kev:mtx:sch_svc&
856 4 2 _uhttp://sfxeu11.hosted.exlibrisgroup.com/sfxumub?url_ver=Z39.88-2004&ctx_ver=Z39.88-2004&ctx_enc=info:ofi/enc:UTF-8&rfr_id=info:sid/sfxit.com:opac_856&url_ctx_fmt=info:ofi/fmt:kev:mtx:ctx&sfx.ignore_date_threshold=1&rft.object_id=1000000000807789&svc_val_fmt=info:ofi/fmt:kev:mtx:sch_svc&
856 4 2 _uhttp://site.ebrary.com/lib/hhss/Top?channelName=hhss&cpage=1&docID=10351934
856 4 2 _uhttp://site.ebrary.com/lib/prvbib/Top?channelName=prvbib&cpage=1&docID=10351934
856 4 2 _uhttp://webproxy.student.hig.se:2048/login?url=http://search.ebscohost.com/login.aspx?direct=true&scope=site&db=nlebk&db=nlabk&AN=294492
856 4 2 _uhttp://www.du.se/proxy.aspx?url=http://site.ebrary.com/lib/dalarna/Top?id=10351934
856 4 2 _uhttps://ezproxy.hkr.se/login?url=http://site.ebrary.com/lib/kristianstad/Top?id=10351934
856 4 2 _uhttps://login.bibproxy.kau.se:8443/login?url=http://site.ebrary.com/lib/kaubib/Top?channelName=kaubib&cpage=1&docID=10351934
856 4 2 _uhttps://login.e.bibl.liu.se/login?url=http://site.ebrary.com/lib/linkoping/Top?channelName=linkoping&cpage=1&docID=10351934
856 4 2 _uhttps://login.e.bibl.liu.se/login?url=http://www.books24x7.com/marc.asp?bookid=33680
856 4 2 _uhttps://login.proxy.annalindhbiblioteket.se/login?url=http://search.ebscohost.com/login.aspx?direct=true&scope=site&db=e000xww&AN=294492
942 _2ddc
_cBK
999 _c213218
_d213218